| 000 | 00401nam a2200157Ia 4500 | ||
|---|---|---|---|
| 008 | 210210b2005 xxu||||| |||| 00| 0 eng d | ||
| 020 | _a81 272 1355 1 | ||
| 082 | _a574.87328 SINM | ||
| 100 | _aSINGH (B D). | ||
| 245 | _aMolecular genetics. | ||
| 260 |
_aLudhiana _bKalyani Publishers _c2005 |
||
| 300 | _axx,360 | ||
| 650 | _aMolecular Genetics | ||
| 690 | _aMolecular Biology | ||
| 906 | _a060666 | ||
| 999 |
_c107836 _d107836 |
||